000 00633pam a2200193 a 4500
020 _a0471175749 (cloth : acidfree paper)
040 _cDLC
082 0 0 _a540 J.WI 1998 A031 Or.
100 1 _aHolum, John R.
245 1 0 _aFundamentals of general, organic, and biological chemistry /
250 _a6th ed.
260 _aNew York :
_bJ. Wiley,
_cc1998.
300 _axvi, 800, [104] p. :
_bill. (some col.) ;
_c26 cm.
500 _aIncludes indexes.
650 0 _aChemistry.
856 4 2 _uhttp://www.loc.gov/catdir/description/wiley031/97015451.html
856 4 _uhttp://www.loc.gov/catdir/toc/onix01/97015451.html
942 _cEK
999 _c11873
_d11873